000 01166nam a22002777a 4500
003 OSt
005 20260216143313.0
008 260216b |||||||| |||| 00| 0 eng d
040 _c0
082 _aDPer 796.07 J826 January-October 2023 v. 42 n. 1-4
100 _aWard, Phillip.
_eauthor.
_959732
245 _aPratice-Based Teacher Education in Physical Education /
_cPhillip Ward, Fatih Dervent, Erhan Devrilmez, Peter Iserbyt, Insook Kim, Bomna Ko, José A. Santiago, Emi Tsuda, and Xiuye Xie.
260 _aChampaign, IL. ;
_bHuman Kinetics, Inc. ;
_cJuly 2023
300 _aVolume 42, pages 442-451 :
_billustration ;
_c29 cm.
500 _aJournal of Teaching in Physical Education, vol. 42 no. 3, pages 442-451, July 2023.
700 _aWard, Phillip.
_eauthor.
_959732
700 _aDervent, Fatih.
_eauthor.
_969741
700 _aDevrilmez, Erhan.
_eauthor.
_969744
700 _aIserbyt, Peter.
_eauthor.
_969624
700 _aKim, Insook.
_eauthor.
_959907
700 _aKo, Bomna.
_eauthor.
_959908
700 _aSantiago, José A.
_eauthor.
_969760
700 _aTsuda, Emi.
_eauthor.
_959731
700 _aXie, Xiuye.
_eauthor.
_969672
942 _2ddc
_cPER
999 _c24333
_d24333